000 nam a22 7a 4500
999 _c331204
_d331204
003 NUST
005 20180125085643.0
008 170921b xxu||||| |||| 00| 0 eng d
040 _cNUST
082 _a330
100 _aAyub Sarah
_94782
245 _aAn Inquiry into the polarities of female Education in rural Pakistan:Enrollment, Non-Enrollment and dropouts explored
260 _aIslamabad
_c2012
300 _a42p.
942 _2ddc
_cTHE